Thực hành hóa học vô cơ

Na minha lista:
Detalhes bibliográficos
Autor principal: Nguyễn, Thế Ngôn
Formato: Livro
Idioma:Undetermined
Publicado em: H. ĐHSP 2005
Assuntos:
Acesso em linha:http://lrc.tdmu.edu.vn/opac/search/detail.asp?aID=2&ID=5584
Tags: Adicionar Tag
Sem tags, seja o primeiro a adicionar uma tag!
Thư viện lưu trữ: Trung tâm Học liệu Trường Đại học Thủ Dầu Một
LEADER 00583nam a2200193Ia 4500
001 TDMU_5584
008 210410s9999 xx 000 0 und d
082 |a 546 
090 |b NG525 
100 |a Nguyễn, Thế Ngôn 
245 0 |a Thực hành hóa học vô cơ 
245 0 |c Nguyễn Thế Ngôn 
260 |a H. 
260 |b ĐHSP 
260 |c 2005 
300 |a 153tr. 
650 |a Hóa vô cơ  |v Thực hành 
856 |u http://lrc.tdmu.edu.vn/opac/search/detail.asp?aID=2&ID=5584 
980 |a Trung tâm Học liệu Trường Đại học Thủ Dầu Một